Odd Pokemon Type Combinations - Statistics

General Stats
  • This quiz has been taken 29 times
    24 since last reset
  • The average score is 23 of 35
Answer Stats
Primary Type Secondary Type Pokemon % Correct
Water Grass Lotad, Lombre, Ludicolo
89%
Ground Flying Gligar, Gliscor, Landorus
83%
Ice Psychic Mr. Mime (Galarian), Jynx, Smoochum, Mr. Rime
78%
Electric Ghost Rotom
78%
Water Fire Volcanion
78%
Rock Flying Aerodactyl, Archen, Archeops, Minior
72%
Ice Ghost Frosslass
72%
Electric Normal Helioptile, Heliolisk
72%
Electric Bug Joltik, Galvantula, Charjabug, Vikavolt
72%
Water Dragon Kingdra, Palkia
72%
Bug Fighting Pheromosa, Buzzwole, Heracross
72%
Dark Ghost Sableye
72%
Rock Fairy Carbink, Diancie
67%
Fire Psychic Darmanitan (Zen Mode), Delphox
67%
Water Steel Empoleon
67%
Normal Psychic Girafarig, Meloetta, Oranguru
67%
Fire Steel Heatran
67%
Poison Ground Nidoking, Nidoqueen
67%
Ground Electric Stunfisk
67%
Rock Bug Anorith, Armaldo,
61%
Steel Fighting Cobalion
61%
Ghost Flying Drifloon, Drifblim, Oricorio (Sensu Style)
61%
Fire Rock Magcargo
61%
Fighting Ghost Marshadow
61%
Steel Fairy Mawile, Klefki, Magearna
61%
Dragon Fairy Mega Altaria
61%
Ghost Fairy Mimikyu
61%
Rock Fighting Terrakion
61%
Grass Psychic Exeggute, Exxegutor
56%
Fighting Steel Lucario, Zamazenta
56%
Flying Dragon Noibat, Noivern
56%
Ghost Ground Sandygast, Palossand
56%
Normal Grass Deerling, Sawsbuck
50%
Electric Dragon Mega Ampharos, Dracozolt
39%
Poison Bug Skorupi
33%
No matching quizzes found
Score Distribution
Percent of People with Each Score
Percentile by Number Answered
Your Score History
You have not taken this quiz since the last reset